000
00342nam a22001457a 4500
003
OSt
008
201119b ||||| |||| 00| 0 eng d
100
_a
MALL, Rajib
245
_a
Fundamentals of Software Engineering
250
_a
5th
260
_a
New Delhi
_b
PHI
_c
2019
300
_a
590
650
_a
B.Sc Computer Science
942
_2
ddc
_c
BK
999
_c
9224
_d
9224